Transport of aliphatic hydrocarbon liquids through conventionally vulcanised natural rubber filled with different types of silica filler (Record no. 52565)

MARC details
000 -LEADER
fixed length control field 00528nam a2200145Ia 4500
100 ## - MAIN ENTRY--AUTHOR NAME
Personal name Joseph S.[a]
245 #0 - TITLE STATEMENT
Title Transport of aliphatic hydrocarbon liquids through conventionally vulcanised natural rubber filled with different types of silica filler
260 ## - PUBLICATION, DISTRIBUTION, ETC. (IMPRINT)
Name of publisher M.Tech. Thesis, Cochin University of Science and Technology, Cochin, India, 73 p.
Year of publication 1995
650 ## - SUBJECT ADDED ENTRY--TOPICAL TERM
Topical Term Aliphatic hydrocarbon
650 ## - SUBJECT ADDED ENTRY--TOPICAL TERM
Topical Term Filler
650 ## - SUBJECT ADDED ENTRY--TOPICAL TERM
Topical Term Natural rubber
650 ## - SUBJECT ADDED ENTRY--TOPICAL TERM
Topical Term Silica
942 ## - ADDED ENTRY ELEMENTS (KOHA)
Koha item type Bibliography STAF
Holdings
Withdrawn status Lost status Damaged status Not for loan Home library Current library Date acquired Koha item type
      Bibliography RRII Library RRII Library 09/04/2014 Bibliography STAF